000 00934nam a22003257a 4500
001 0008993
003 KOHA_MİRAKIL
005 20260207001654.0
007 ta
008 091120b2009 tu |||gr||||#||||0|tur |
020 _a9789752635326
_q
_c9,425
040 _aTR-BiSEU
_btur
_cTR-BiSEU
_erda
041 0 _atur
044 _ctu
050 _aD62
_b.C56 2009
100 1 _aÇimen, Ali.
245 1 _aTarihi değiştiren olaylar/
_cAli Çimen ; Ali Çimen.
264 1 _aİstanbul :
_bTimaş
_c2009
300 _a302 sayfa: resimli ;
_c25 cm.
336 _ametin
_btxt
_2rdacontent
337 _aaracısız
_bn
_2rdamedia
338 _acilt
_bnc
_2rdacarrier
490 1 _aTimaş Yayınları ;
_v1611.
490 1 _aPopüler Tarih ;21.
650 0 _aDünya tarihi.
_91475
650 0 _aWorld history.
_912602
830 1 _aTimaş Yayınları ;
_v1611.
_99767
830 1 _aPopüler Tarih ;21.
_922464
942 _2lcc
_cBK
999 _c8965
_d8965